[Event "SRB-chT Men 1st League 2019"]
[Site "Subotica"]
[Date "2019.08.23"]
[Round "1.1"]
[White "Indjic, Aleksandar"]
[Black "Sanal, Vahap"]
[Result "1-0"]
[WhiteElo "2617"]
[BlackElo "2535"]
[Annotator "TA"]
[PlyCount "57"]
[EventDate "2019.08.23"]
[EventType "team-tourn"]
[EventCountry "SRB"]
[SourceTitle "playchess.com"]
[Source "ChessBase"]
[SourceQuality "1"]

{[%evp 9,91,16,23,20,22,39,61,47,54,31,64,53,80,6,25,19,31,24,44,27,41,-29,54,-18,50,33,113,49,52,19,43,30,78,70,126,18,64,23,102,93,104,105,151,75,63,0,70,16,3,-271,-278,-259,-260,-359,-254,-265,-254,-261,-260,-299,-176,-171,-130,-423,-124,-129,19,20,205,227,197,200,655,28,8,0,0,0,1920,1961,1694,1525,1390,859]} 1. d4 Nf6 2. c4 e6 3. Nc3 Bb4 4. Qc2 d6 5. Bg5 h6 (5... Nbd7 6. e3 c5 7. Nge2 Qa5 8. a3 cxd4 9. Bxf6 Nxf6 10. exd4 O-O 11. Rd1 Bxc3+ 12. Nxc3 b6 13. Bd3 Bb7 14. O-O Qh5 {0-1 (65) Lenic,L (2656)-Melkumyan,H (2660) chess.com INT 2018}) 6. Bh4 {E32: Nimzo-Indian: Classical (4 Qc2): 4...0-0} Nbd7 7. e3 b6 8. Nge2 {White is slightly better.} Bb7 9. O-O-O $146 ({Predecessor:} 9. a3 Bxc3+ 10. Nxc3 g5 11. Bg3 Nh5 12. O-O-O Qe7 13. d5 Ndf6 14. Be2 {0-1 (40) Villegas,P (2329)-Abdulla,A (2488) Baku 2016}) 9... g5 10. Bg3 Nh5 11. f4 (11. Na4 $16) 11... Bxc3 12. Nxc3 Qe7 13. Bf2 O-O-O 14. Be2 Nhf6 15. Rhe1 (15. d5 $14) 15... Kb8 (15... Bxg2 $11 16. Rg1 Bb7) 16. b4 (16. d5 $14) 16... Rhg8 (16... Bxg2 $11 17. Rg1 Bb7) 17. g3 e5 (17... h5 $14) 18. d5 (18. fxe5 $16 dxe5 19. c5) 18... h5 19. a4 Ng4 20. Bg1 Rde8 21. Kb2 e4 (21... gxf4 $14 22. exf4 h4) 22. Rb1 (22. Nb5 $16) 22... f5 23. a5 Qg7 (23... bxa5 $11 24. bxa5 Ka8) 24. axb6 $16 cxb6 25. Ra1 Rc8 26. Kb3 (26. h3 $142) 26... a6 27. h3 (27. Qd2 $14) 27... Nh6 (27... Ngf6 $11) 28. fxg5 ({White should try} 28. Qd2 $1 $14) 28... Qxg5 $11 29. Bh2 {Played: Ra1xa6} 1-0

[Event "SRB-chT Men 1st League 2019"]
[Site "Subotica"]
[Date "2019.08.23"]
[Round "1.2"]
[White "Markus, Robert"]
[Black "Ivic, Velimir"]
[Result "1/2-1/2"]
[WhiteElo "2599"]
[BlackElo "2511"]
[Annotator "TA"]
[PlyCount "29"]
[EventDate "2019.08.23"]
[EventType "team-tourn"]
[EventCountry "SRB"]
[SourceTitle "playchess.com"]
[Source "ChessBase"]
[SourceQuality "1"]

{[%evp 13,29,3,7,0,5,-2,0,-25,-12,-8,0,-14,0,10,0,-15,-6,-29]} 1. d4 Nf6 2. c4 g6 3. Nf3 Bg7 4. g3 c6 5. Bg2 d5 6. Na3 O-O 7. O-O Bf5 8. Bf4 {D78: Fianchetto Grünfeld: 6 0-0 c6} Nbd7 9. Rc1 $146 (9. Qc1 Qb6 10. Rd1 Rac8 11. c5 Qa5 12. Nh4 b6 13. Nxf5 gxf5 14. cxb6 Qxb6 15. Rb1 c5 {½-½ (70) Nikolic,P (2618)-Vuckovic,B (2558) Kraljevo 2015}) 9... Qb6 10. Qb3 Rac8 11. Rfd1 {The position is equal.} h6 12. h4 Ne4 13. Qxb6 Nxb6 14. b3 Rfd8 15. Be5 1/2-1/2

[Event "SRB-chT Men 1st League 2019"]
[Site "Subotica"]
[Date "2019.08.23"]
[Round "1.3"]
[White "Popov, Ivan"]
[Black "Kovacevic, Aleksandar"]
[Result "1-0"]
[WhiteElo "2604"]
[BlackElo "2480"]
[Annotator "TA"]
[PlyCount "73"]
[EventDate "2019.08.23"]
[EventType "team-tourn"]
[EventCountry "SRB"]
[SourceTitle "playchess.com"]
[Source "ChessBase"]
[SourceQuality "1"]

{[%evp 9,73,0,0,-10,33,30,33,30,34,34,36,54,47,62,77,68,75,68,85,82,106,88,99,99,112,114,103,102,95,94,116,104,123,120,136,128,152,120,116,111,183,165,179,172,215,67,122,53,87,82,225,256,240,257,260,245,222,214,554,358,737,748,703,695,907,729]} 1. e4 c5 2. Nc3 d6 3. d4 cxd4 4. Qxd4 Nc6 5. Qd2 Nf6 6. b3 {B23: Closed Sicilian: Lines without g3} g6 (6... e6 7. Bb2 d5 8. exd5 exd5 9. O-O-O Be6 10. a3 Bc5 11. Nf3 {½-½ (49) Caruana,F (2819)-Vachier Lagrave,M (2773) Karlsruhe/Baden Baden 2019}) 7. Bb2 Bg7 8. O-O-O {White is slightly better.} O-O 9. f3 Qa5 10. Kb1 Rd8 $146 ({Predecessor:} 10... e5 11. Nge2 {1-0 (28) Sethuraman,S (2657)-Zou,C (2363) China 2018}) 11. Nge2 e5 12. g4 Be6 13. g5 Nh5 14. h4 Qb6 15. Nd5 Qf2 16. Bh3 {Threatens to win with Rdf1.} Qxf3 {[#]} 17. Bxe6 $1 fxe6 18. Nc7 {[%mdl 64] Double Attack} Rac8 19. Nxe6 Re8 20. Rhf1 Qg4 21. Nxg7 Kxg7 22. Qe3 Rf8 23. Rg1 Qxh4 24. Rxd6 Rcd8 (24... Qf2 $16 {was called for.} 25. Rd7+ Kh8) 25. Rd5 Kg8 {[#]} 26. Rgd1 $1 ({But not} 26. Bxe5 $6 Rfe8 $16) 26... Rde8 27. Nc1 (27. Rd7 $18) 27... Qf4 (27... Qg4 $14) 28. Qc5 ({Better is} 28. Qe2 $16) 28... Qxe4 $14 29. Rd7 Rf7 (29... Ng7 $16) 30. Rxf7 $18 Kxf7 31. Rd7+ {[%mdl 64] Double Attack} Kg8 32. Rxb7 {Qd6 is the strong threat.} Nf4 33. Rc7 $40 {[%mdl 128] Black is in trouble.} Nd8 $2 (33... Nd4) 34. Qxa7 {Intending Rg7+ and mate.} Nde6 $2 (34... Nfe6 35. Rxh7 Rf8) 35. Rxh7 {[%csl Gh7][%cal Ra7f7] White is clearly winning.} Rf8 36. Ba3 Rf5 37. Rb7 {Accuracy: White = 77%, Black = 19%.} 1-0

[Event "SRB-chT Men 1st League 2019"]
[Site "Subotica"]
[Date "2019.08.23"]
[Round "1.4"]
[White "Saric, Sinisa"]
[Black "Stojanovic, Mihajlo"]
[Result "0-1"]
[WhiteElo "2410"]
[BlackElo "2475"]
[Annotator "TA"]
[PlyCount "74"]
[EventDate "2019.08.23"]
[EventType "team-tourn"]
[EventCountry "SRB"]
[SourceTitle "playchess.com"]
[Source "ChessBase"]
[SourceQuality "1"]

{[%evp 9,73,6,6,0,0,0,12,0,0,0,0,-17,-22,-18,-31,-68,-61,-73,-64,-74,-62,-100,-112,-106,-108,-129,-122,-105,-95,-60,-37,-49,-51,-62,-65,-65,-78,-141,-145,-145,-136,-175,-172,-465,-125,-523,-514,-987,-983,-981,-963,-1087,-1060,-1119,-1088,-1707,-777,-29975,-1083,-29985,-29986,-29997,-29998,-29998,-29998,-29999]} 1. d4 d5 2. c4 e6 3. Nc3 Be7 4. cxd5 exd5 5. Nf3 c6 6. h3 {D31: Queen's Gambit Declined: Semi-Slav without ...Nf6 (+ Marshall Gambit and Noteboom) and Exchange Variation lines without ...Nf6} (6. Qc2 Nf6 7. Bg5 Nbd7 8. e3 O-O 9. Bd3 Re8 10. O-O-O a5 11. Kb1 Nf8 12. h4 Be6 13. Bxf6 Bxf6 14. Ng5 h6 15. Nxe6 Nxe6 16. g4 g6 17. f4 Nf8 18. g5 hxg5 19. hxg5 {1-0 (47) Iordachescu,V (2533)-Sargissian,G (2609) Dubai 2019}) 6... Bf5 7. g4 Be6 8. Bf4 $146 {The position is equal.} ({Predecessor:} 8. Bg2 Nd7 9. Bf4 g5 10. Be5 Nxe5 11. Nxe5 Nf6 12. e3 h5 13. Qe2 hxg4 14. hxg4 Rxh1+ 15. Bxh1 {0-1 (46) Pataki,G (2367)-Genser,H (2290) Austria 2013}) 8... Nd7 9. e3 g5 10. Be5 Nxe5 11. Nxe5 Nf6 12. Qc2 h5 13. Rg1 hxg4 14. hxg4 Nd7 15. O-O-O Nxe5 16. dxe5 Rh2 17. Rg2 Rxg2 18. Bxg2 Qb6 ({Resist} 18... Bxg4 19. Rh1 $15) 19. Bf3 Rd8 20. Qa4 {With the idea Bxd5.} Kf8 21. Be2 Kg7 22. Rh1 d4 23. Qc2 (23. exd4 $142 Qxd4 24. Qxd4 Rxd4 25. f3) 23... Rh8 $17 24. Rxh8 Kxh8 25. Na4 Qb4 {Hoping for ...b5.} 26. Qe4 $2 (26. exd4 {is the only way for White.} Qxd4 {[%mdl 64] Double Attack} 27. f3) 26... dxe3 $2 ({Don't blunder} 26... Qxa4 $2 27. Bd3 $18) (26... Qe1+ $19 {is more deadly.} 27. Bd1 b5 28. Qxd4 bxa4 29. Qxa4 Kg7 30. Qxc6 Bxg4) 27. Qh1+ $2 {[%mdl 8192]} (27. Qxb4 $17 Bxb4 28. a3 Bd2+ 29. Kc2) 27... Kg7 $19 28. fxe3 (28. Nc3 $142 exf2 29. Qe4) 28... Qxa4 29. Bd3 Bc5 30. Qh7+ {[#]} Kf8 $1 31. Qh6+ {[#]} Ke8 $1 32. Qxg5 Qxg4 (32... Qxa2 $142 33. Qf4 Qb3) 33. Qh6 Bxa2 (33... Qg1+ $142 34. Kc2 Bxe3 35. Qxe3 Qxe3 36. a4 Qc5+ 37. Kd2 Qb4+ 38. Ke2 Qd4 39. Bh7 Qxb2+ 40. Ke3 Qxe5+ 41. Kd2 Qh2+ 42. Ke3 Qxh7 43. a5 Qh3+ 44. Kd2 Bc4 45. Kc2 Qe3 46. a6 bxa6 47. Kb2 Qd2+ 48. Kb1 Bb3 49. Ka1 Qc1#) 34. Qh8+ Kd7 {Black mates.} 35. Qb8 Bxe3+ 36. Kc2 Qg2+ 37. Kc3 Qd2# {Accuracy: White = 13%, Black = 61%.} 0-1

[Event "SRB-chT Men 1st League 2019"]
[Site "Subotica"]
[Date "2019.08.23"]
[Round "1.5"]
[White "Vucinic, Gojko"]
[Black "Leskur, Dejan"]
[Result "1/2-1/2"]
[WhiteElo "2396"]
[BlackElo "2303"]
[Annotator "TA"]
[PlyCount "77"]
[EventDate "2019.08.23"]
[EventType "team-tourn"]
[EventCountry "SRB"]
[SourceTitle "playchess.com"]
[Source "ChessBase"]
[SourceQuality "1"]

{[%evp 12,77,52,47,70,3,19,-20,25,27,20,24,33,30,22,18,111,2,18,26,13,18,20,0,12,10,20,0,0,0,-4,-2,0,0,-3,-40,0,9,27,0,39,40,38,40,38,39,39,37,40,19,27,0,0,0,0,0,0,0,0,0,0,0,0,0,0,-13,-14,-19]} 1. e4 g6 2. d4 d6 3. Nc3 Bg7 4. f4 a6 5. Nf3 b5 6. Bd3 Nd7 7. e5 (7. a4 $5 {[%cal Ra4b5]}) 7... c5 {B06: Modern Defence} 8. Ng5 (8. Be3 $14) (8. Be4 Rb8 9. Be3 b4 10. Ne2 Nh6 11. dxc5 Nxc5 12. Bxc5 dxc5 13. Bc6+ Bd7 14. Qd5 Rc8 15. Bxd7+ Qxd7 16. Qxd7+ Kxd7 {1-0 (41) Yu,Y (2760)-Adhiban,B (2655) chess.com INT 2018}) 8... Nh6 $1 $11 9. Qf3 Rb8 10. e6 {[#] aiming for exf7+.} Nf6 11. dxc5 Bxe6 12. Nxe6 fxe6 13. a4 $146 {[%cal Ra4b5]} ({Predecessor:} 13. Qc6+ Kf7 14. cxd6 Qxd6 15. Qf3 {0-1 (39) Wozniak,M (2075)-Rams,M (2199) Jastrzebia Gora 2016}) 13... O-O (13... Qa5 $11 {keeps the balance.}) 14. cxd6 ({Better is} 14. axb5 $16 axb5 15. Nxb5) 14... Qxd6 15. axb5 axb5 16. O-O Nd5 17. Ne4 {[%cal Bc3e4,Be4g5,Bg5e6][%mdl 32]} Qb6+ 18. Kh1 e5 19. Ng5 Nxf4 20. Bxf4 exf4 21. Qd5+ Kh8 22. Ne6 Rf6 23. Rae1 Qd6 24. Qe4 Ng8 25. Nxf4 Rbf8 {[%cal Rf6f4]} 26. Ne6 Rxf1+ 27. Bxf1 Rf5 {[#] Threatens to win with ...Re5.} 28. Nxg7 Kxg7 29. Bd3 b4 30. h3 Rd5 31. Kg1 b3 {The position is equal.} 32. Qe6 Qc5+ 33. Kh1 bxc2 34. Bxc2 Rd6 35. Qe4 Rb6 36. b3 e6 37. Bb1 Nf6 38. Qe3 Qxe3 39. Rxe3 {Accuracy: White = 50%, Black = 69%.} 1/2-1/2

[Event "SRB-chT Men 1st League 2019"]
[Site "Subotica"]
[Date "2019.08.23"]
[Round "1.6"]
[White "Omorjan, Dejan"]
[Black "Damjanovic, Vuk"]
[Result "0-1"]
[WhiteElo "2291"]
[BlackElo "2246"]
[Annotator "TA"]
[PlyCount "84"]
[EventDate "2019.08.23"]
[EventType "team-tourn"]
[EventCountry "SRB"]
[SourceTitle "playchess.com"]
[Source "ChessBase"]
[SourceQuality "1"]

{[%evp 9,84,9,27,7,9,14,22,32,35,25,23,23,25,31,27,23,39,7,7,-16,0,-4,9,-22,-25,-52,-54,-120,-118,-154,-148,-150,-153,-142,-157,-179,-160,-278,-284,-336,-354,-347,-322,-353,-360,-382,-394,-392,-387,-414,-386,-390,-385,-411,-414,-452,-303,-709,-702,-688,-630,-1008,-869,-804,-743,-782,-777,-809,-794,-943,-954,-1100,-1102,-1387,-1393,-1472,-1459]} 1. d4 Nf6 2. Bf4 c5 3. dxc5 Qa5+ (3... Nc6 4. Nc3 e5 5. Bg5 Bxc5 6. e3 Bb4 7. Nge2 d5 8. a3 Bxc3+ 9. Nxc3 Be6 10. Bb5 d4 11. Bxf6 Qxf6 {½-½ (42) Aronian,L (2799)-Kasparov,G (2812) Saint Louis 2017}) 4. Qd2 Qxd2+ $146 ({Predecessor:} 4... Qxc5 5. Nc3 g6 6. e4 Bg7 7. f3 d6 8. Be3 Qa5 9. Nb5 Qd8 10. e5 dxe5 11. Qxd8+ Kxd8 12. Bxa7 {0-1 (57) Ali Marandi,C (2538)-Liang,A (2570) Saint Louis 2018}) 5. Nxd2 Na6 6. e4 {Threatening Bxa6. A45: Trompowsky Attack} Nxc5 7. f3 g6 8. O-O-O {The position is equal.} Bg7 9. Be3 d6 10. h4 O-O 11. g4 b6 12. h5 Bb7 13. hxg6 hxg6 14. g5 Nfd7 15. Nb3 a6 {[%cal Ba7a6,Ba6a5][%mdl 32]} 16. Bh3 Ne5 17. Bd4 a5 18. Bc3 {[#]} (18. Bxc5 $15 bxc5 19. Nd2) 18... Na4 $1 $17 19. Bd4 {[#]} Nc4 $1 20. Ne2 Naxb2 21. Bxg7 Kxg7 22. Rde1 Na4 23. Ng3 (23. Bd7 $17 {was worth a try.} Nc5 24. Bb5) 23... Nc3 $19 24. f4 Nxa2+ 25. Kb1 Nc3+ 26. Ka1 Rh8 27. f5 Nb5 28. fxg6 fxg6 29. Be6 Rxh1 30. Rxh1 Ne5 31. c4 Nc7 32. Nd4 Nc6 33. Ndf5+ $2 (33. Nxc6 Nxe6 34. Nxe7) 33... gxf5 {Black is clearly winning.} 34. Nxf5+ Kg6 35. Rh6+ Kxg5 36. Bf7 Kf4 37. Rh4+ Ke5 38. Ne3 Kd4 39. Nc2+ Kc5 40. Kb2 Ne5 41. Kc3 Nxf7 42. Nd4 b5 {Accuracy: White = 34%, Black = 73%.} 0-1

[Event "SRB-chT Men 1st League 2019"]
[Site "Subotica"]
[Date "2019.08.23"]
[Round "1.7"]
[White "Sedlak, Nikola"]
[Black "Rublevsky, Sergei"]
[Result "1/2-1/2"]
[WhiteElo "2590"]
[BlackElo "2652"]
[Annotator "TA"]
[PlyCount "63"]
[EventDate "2019.08.23"]
[EventType "team-tourn"]
[EventCountry "SRB"]
[SourceTitle "playchess.com"]
[Source "ChessBase"]
[SourceQuality "1"]

{[%evp 9,63,-6,22,8,14,13,10,11,12,6,12,12,13,20,17,0,39,0,6,0,0,0,0,0,0,0,-16,-3,-2,-32,13,0,0,0,16,8,8,8,8,9,10,0,0,0,8,7,16,16,21,26,36,26,39,12,9,16]} 1. d4 d5 2. Nf3 Nf6 3. Bf4 c5 4. e3 Nc6 5. Nbd2 (5. c3 e6 6. Nbd2 cxd4 7. exd4 Nh5 8. Bg5 f6 9. Be3 Bd6 10. g3 O-O 11. Nh4 g6 12. Be2 Ng7 13. O-O e5 14. dxe5 fxe5 {½-½ (59) Aronian,L (2767)-Nakamura,H (2777) chess.com INT 2018}) 5... cxd4 6. exd4 {D02: 1 d4 d5 2 Nf3 sidelines, including 2...Nf6 3 g3 and 2...Nf6 3 Bf4} Qb6 7. Nb3 Bg4 8. h3 Bh5 9. c3 e6 10. Bd3 a5 11. Rb1 Ne4 $146 ({Predecessor:} 11... Qd8 12. O-O Bd6 13. Bxd6 Qxd6 {½-½ (20) Jamka Pietron,B (2053)-Tassone,R (2195) ICCF email 2016}) 12. Qe2 Bd6 13. Bxd6 Nxd6 14. Nbd2 O-O 15. g4 Bg6 16. Bxg6 hxg6 17. h4 Rfe8 18. Kf1 f6 19. g5 Qa6 (19... e5 {with more complications.} 20. gxf6 gxf6 21. Rg1 Kh7 22. dxe5 Nxe5 23. Nxe5 Rxe5 24. Qd3 Rg8) 20. Qxa6 Rxa6 21. h5 gxh5 22. gxf6 gxf6 23. Rxh5 Kf7 24. Ke2 Rg8 25. a4 Raa8 26. Rbh1 Ne7 27. Ne1 Ng6 {[#] Hoping for ...Nf4+.} 28. Nd3 b6 29. Nf1 Rg7 30. Ne3 Rag8 31. Rh7 Rxh7 32. Rxh7+ {Accuracy: White = 64%, Black = 62%.} 1/2-1/2

[Event "SRB-chT Men 1st League 2019"]
[Site "Subotica"]
[Date "2019.08.23"]
[Round "1.8"]
[White "Ivanisevic, Ivan"]
[Black "Berkes, Ferenc"]
[Result "1/2-1/2"]
[WhiteElo "2618"]
[BlackElo "2666"]
[Annotator "TA"]
[PlyCount "101"]
[EventDate "2019.08.23"]
[EventType "team-tourn"]
[EventCountry "SRB"]
[SourceTitle "playchess.com"]
[Source "ChessBase"]
[SourceQuality "1"]

{[%evp 14,101,31,22,24,26,20,24,26,34,27,27,36,29,46,38,27,27,37,28,17,24,26,29,39,34,45,38,28,-15,0,-42,-57,-47,-21,-13,-18,-12,-22,-63,-47,-114,-96,-104,-7,-12,0,0,80,87,91,90,210,205,300,243,277,206,208,202,208,208,208,206,210,211,214,216,190,159,203,191,231,231,224,223,222,229,227,65,65,65,69,0,0,0,0,0,0,0]} 1. d4 d5 2. c4 e6 3. Nc3 Be7 4. cxd5 exd5 5. Bf4 Nf6 6. e3 O-O 7. Bd3 c5 8. Nge2 Nc6 {D35: Queen's Gambit Declined: Exchange Variation} 9. O-O c4 10. Bc2 a6 {White has an edge.} (10... Nh5 11. b3 Bb4 12. bxc4 dxc4 13. d5 Nxf4 14. exf4 Bxc3 15. Nxc3 Nb4 16. Rb1 Nxc2 17. Qxc2 {0-1 (35) Oleksienko,M (2621)-Kryvoruchko,Y (2703) Dubai 2018}) 11. Be5 Be6 12. Nf4 g6 13. Qf3 Nd7 14. Ncxd5 Ndxe5 15. dxe5 Nxe5 16. Qe4 Bxd5 17. Nxd5 Bd6 18. Rad1 Rc8 {[#]} 19. Qd4 $146 ({Predecessor:} 19. a4 b5 20. axb5 axb5 21. Nc3 Qb6 22. Qd5 {½-½ (22) Munoz Moreno,F (2552)-Jaulneau,C (2542) ICCF email 2014}) 19... Re8 20. h3 b5 21. b4 Re6 22. f4 (22. Nf4 $5 {[%cal Rf4e6]} Rf6 23. Nd5 $11) 22... Nc6 $1 {[%csl LRb4,LRd4]} 23. Qc3 Qf8 {[%cal Rd6b4]} 24. Nf6+ Rxf6 25. Qxf6 Be7 26. Qb2 Nxb4 27. Be4 (27. f5 $15 Qe8 28. Rd4) 27... c3 $17 {[%mdl 1024] Black has strong compensation.} 28. Qe2 c2 (28... Bf6 $1 $17 {White should prevent ...Re8.} 29. a3 Qe7) 29. Rc1 $11 Rc4 30. a3 Na2 (30... Rxe4 $11 {remains equal.} 31. axb4 Bxb4) 31. Rxc2 $16 Nc3 32. Qd3 Qc8 (32... Bf6 $16 {is a better defense.}) 33. Bb7 $1 $18 {[%cal Rb7c8]} Qc5 (33... Qc7 {keeps fighting.} 34. Bxa6 Rc6) 34. Bxa6 Bf6 35. a4 Nxa4 36. Rxc4 bxc4 37. Qxc4 ({Resist} 37. Bxc4 $6 Nb2 $16) 37... Qxe3+ 38. Kh2 Nc5 39. Qe2 Qd4 40. Bc4 {aiming for Qe8+.} Kg7 41. Ba2 Nd3 42. Qe8 Nxf4 43. Qxf7+ ({Stronger than} 43. Bxf7 Nh5 $15) 43... Kh6 44. Qf8+ Kg5 {[#]} 45. h4+ $1 Kh5 {[#]} 46. Qa3 $2 (46. Qa8 $1 $18 {[%cal Ra8f3]} Be5 47. Qf3+ Kh6 48. g3) 46... Nd3 $1 $14 47. g3 $1 {Threatens to win with Rxf6!} Bxh4 $1 48. Qf8 ({Better is} 48. Qa5+ $1 $14 Kh6 49. Qd5 (49. gxh4 Qxh4+ 50. Kg2 Qg4+ 51. Kh1 Qh3+ 52. Kg1 Qg3+ 53. Kh1 Qh4+ 54. Kg2 Qg4+ 55. Kh2 Qh4+ 56. Kg2 $11) 49... Qb2+ 50. Kh3 (50. Qg2 Bxg3+ 51. Kxg3 Qe5+ 52. Kf3 Ne1+ 53. Rxe1 Qxe1 $16)) 48... Bxg3+ $1 $11 {The position is equal.} 49. Kxg3 {White threatens Rh1+ and mate.} Qg4+ 50. Kh2 {Rf3 is the strong threat.} Qh4+ 51. Kg2 {Accuracy: White = 65%, Black = 56%.} 1/2-1/2

[Event "SRB-chT Men 1st League 2019"]
[Site "Subotica"]
[Date "2019.08.23"]
[Round "1.9"]
[White "Popovic, Dusan"]
[Black "Miladinovic, Igor"]
[Result "1/2-1/2"]
[WhiteElo "2481"]
[BlackElo "2532"]
[Annotator "TA"]
[PlyCount "35"]
[EventDate "2019.08.23"]
[EventType "team-tourn"]
[EventCountry "SRB"]
[SourceTitle "playchess.com"]
[Source "ChessBase"]
[SourceQuality "1"]

{[%evp 9,35,-27,-25,-16,-17,-31,-24,-38,-16,-2,8,-8,0,-19,-7,-30,0,-27,-25,-37,-15,-2,-11,-18,0,-17,-17,0]} 1. Nf3 d5 2. g3 Nc6 3. Bg2 e5 4. d3 f6 5. O-O Be6 6. c3 {A07: Réti Opening: New York and Capablanca Systems} (6. e4 dxe4 7. dxe4 Qxd1 8. Rxd1 Bc5 9. c3 Nge7 10. Nbd2 Rd8 11. Re1 O-O 12. Bf1 Kh8 13. Bc4 Bh3 14. Bf1 Be6 15. Bc4 Bh3 {½-½ (15) Popovic,D (2628)-Roganovic,M (2524) Belgrade 2014}) 6... Qd7 7. e4 dxe4 $146 ({Predecessor:} 7... O-O-O 8. exd5 Bxd5 9. Qa4 Kb8 10. Be3 Bxf3 11. Bxf3 Nd4 12. Bd1 Nf3+ 13. Kg2 Qxa4 14. Bxa4 {0-1 (43) Gonen,M (1608)-Celik,E (1777) Manavgat 2016}) 8. dxe4 {Black has an edge.} Qxd1 9. Rxd1 Bc5 10. Nbd2 a5 11. Bf1 Nge7 12. Bc4 Kf7 13. a4 Rad8 {[#] Strongly threatening ...Bxc4.} 14. Re1 g5 15. Bxe6+ {The position is equal.} Kxe6 16. Nc4 Rd3 17. Kg2 Rhd8 18. h4 {Accuracy: White = 25%, Black = 42%.} 1/2-1/2

[Event "SRB-chT Men 1st League 2019"]
[Site "Subotica"]
[Date "2019.08.23"]
[Round "1.10"]
[White "Miljkovic, Miroslav D"]
[Black "Cabarkapa, Novak"]
[Result "1/2-1/2"]
[WhiteElo "2483"]
[BlackElo "2434"]
[Annotator "TA"]
[PlyCount "44"]
[EventDate "2019.08.23"]
[EventType "team-tourn"]
[EventCountry "SRB"]
[SourceTitle "playchess.com"]
[Source "ChessBase"]
[SourceQuality "1"]

{[%evp 9,44,34,47,37,25,27,33,23,26,27,27,0,0,0,0,0,0,0,0,1,8,8,17,15,18,19,21,22,18,0,0,0,0,0,0,0,-21]} 1. d4 Nf6 2. c4 g6 3. Nc3 Bg7 4. e4 O-O 5. h3 c6 (5... d6 6. Be3 Nbd7 7. g4 c5 8. d5 Qa5 9. Qd2 a6 10. a4 b5 11. cxb5 axb5 12. Bxb5 Ba6 13. Bxa6 Qxa6 14. Nge2 Ne5 {0-1 (39) Repka,C (2523)-Amin,B (2686) Batumi 2018}) 6. Be3 {E70: King's Indian: Miscellaneous lines with 4 e4, including 5 Nge2 and 5 Bd3 0-0 6 Nge2} d5 7. e5 Ne4 8. Bd3 {White is slightly better.} Bf5 $146 ({Predecessor:} 8... f5 9. Nge2 e6 10. cxd5 exd5 11. O-O c5 12. Bc2 Nxc3 13. bxc3 c4 {1-0 (31) Henrichs,T (2459)-Baljon,C (2255) Netherlands 2001}) 9. Nge2 Nxc3 10. bxc3 Bxd3 $1 {The position is equal.} 11. Qxd3 dxc4 12. Qxc4 Qd5 13. Qxd5 cxd5 14. h4 Nc6 15. h5 Rfc8 16. f3 Na5 17. Kf2 Nc4 18. hxg6 hxg6 19. Bg5 f6 20. exf6 exf6 21. Bh6 g5 22. g4 Nd6 {Accuracy: White = 58%, Black = 84%.} 1/2-1/2

[Event "SRB-chT Men 1st League 2019"]
[Site "Subotica"]
[Date "2019.08.23"]
[Round "1.11"]
[White "Lukovic, Vladimir"]
[Black "Lazic, Miroljub"]
[Result "1/2-1/2"]
[WhiteElo "2420"]
[BlackElo "2387"]
[Annotator "TA"]
[PlyCount "71"]
[EventDate "2019.08.23"]
[EventType "team-tourn"]
[EventCountry "SRB"]
[SourceTitle "playchess.com"]
[Source "ChessBase"]
[SourceQuality "1"]

{[%evp 18,71,6,0,36,27,50,46,131,128,124,126,130,128,121,96,95,102,113,108,127,95,100,87,118,124,137,109,106,111,133,139,127,127,138,139,132,58,57,54,54,54,58,59,56,51,58,57,55,56,45,43,53,53,45,33]} 1. e4 e5 2. Nf3 Nc6 3. Bb5 a6 4. Ba4 Nf6 5. O-O Be7 6. d3 b5 7. Bb3 d6 8. a3 O-O 9. Nc3 Bg4 10. Be3 Qd7 {C84: Closed Ruy Lopez: Unusual White 6th moves} (10... Nd4 $5) (10... Nd4 11. Bxd4 exd4 12. Nd5 Nd7 13. h3 Bxf3 14. Qxf3 c6 15. Nf4 Nc5 16. Ba2 a5 17. Qg4 Kh8 18. Ne2 {1-0 (48) Caruana,F (2828)-Postny,E (2623) chess.com INT 2019}) 11. h3 Bh5 12. Nd5 Bd8 (12... Nxd5 $14 13. Bxd5 Bg6) 13. Nxe5 $1 $16 dxe5 14. Nxf6+ Bxf6 15. Qxh5 Nd4 $146 ({Predecessor:} 15... g6 16. Qg4 Qd6 17. c3 Na5 18. Bc2 {1-0 (47) Grela,K (2320)-Woloch,O (2137) Kudowa-Zdroj 2018}) 16. Bxd4 Qxd4 17. c3 Qb6 18. Kh1 Rad8 19. Rad1 g6 20. Qg4 Kh8 21. f4 {Threatens to win with fxe5.} exf4 22. Rxf4 {Strongly threatening d4.} Be5 23. Rf3 {Rdf1 is the strong threat.} ({But not} 23. Bxf7 $2 Bxf4 24. Qxf4 {[#]} Rde8 $1 $19 {[%mdl 512]}) 23... f5 24. exf5 gxf5 25. Rxf5 Qe3 26. d4 Bd6 {intending ...Rxf5.} 27. Rff1 (27. Bf7 $16) 27... Rf2 $14 {White is slightly better.} 28. Rxf2 Qxf2 29. Qf3 Rf8 30. Qxf2 Rxf2 {[%mdl 4096] Endgame KRB-KRB} 31. Rb1 Bf4 32. Bd5 Rc2 33. Bb7 a5 34. Bc6 Rc1+ 35. Rxc1 Bxc1 36. b4 {Accuracy: White = 80%, Black = 64%.} 1/2-1/2